000 00704cam a2200193 4500
001 ABS62134
008 000000n2000 000 0 eng u
035 _a(Sirsi) u105844
100 _aMinogue, A.
245 _aDodging two-stage pitfalls
260 _c2000
490 _aBuilding
_v265(8134) 28 April 2000, 46-47(2)
520 _aDiscusses the advantages of two-stage tendering in fulfilling the principles of Egan's model of open plan tendering. The latest RICS "Contracts in Use" survey records a steep rise in 'negotiated contracts'
590 _aABS
650 _aTWO STAGE TENDERING
650 _aNEGOTIATED CONTRACTS
690 _aBUILT ENVIRONMENT-BUILDING CONTRACT FORMS
942 _n0
999 _c63384
_d63384